Normal view
MARC view
Entry Personal Name
001 - CONTROL NUMBER
- control field: 52377
003 - CONTROL NUMBER IDENTIFIER
- control field: ARRUPE
005 - DATE AND TIME OF LATEST TRANSACTION
- control field: 20240206095055.0
008 - FIXED-LENGTH DATA ELEMENTS
- fixed length control field: 240206|| aca||aabn | a|a d
040 ## - CATALOGING SOURCE
- Original cataloging agency: ARRUPE
- Transcribing agency: ARRUPE
100 ## - HEADING--PERSONAL NAME
- Personal name: Nidditch, P. H
670 ## - SOURCE DATA FOUND
- Source citation: Work cat.: (ARRUPE)131769: Hume, David, 1711-1776., A treatise of human nature /, 1978.